| 000 | 00774nam a2200241Ia 4500 | ||
|---|---|---|---|
| 005 | 20260601193255.0 | ||
| 008 | 260601s9999||||xx |||||||||||||| ||und|| | ||
| 020 |
_a978-3-031-68302-2 _qebk |
||
| 100 | _aBernhard Moser | ||
| 245 | 0 | _aDatabase and Expert Systems Applications - DEXA 2024 Workshops | |
| 250 | _a2024 | ||
| 260 |
_aHeidelberg, Germany _bSpringer Nature _c2024 |
||
| 440 | _aCommunications in Computer and Information Science | ||
| 650 | _aComputer Science | ||
| 700 | _aAnna-Christina Glock | ||
| 700 | _aAtif Mashkoor | ||
| 700 | _aJohannes Sametinger | ||
| 700 | _aLukas Fischer | ||
| 700 | _aMichael Mayr | ||
| 700 | _aSabrina Luftensteiner | ||
| 856 | _uhttps://link.springer.com/openurl?genre=book&isbn=978-3-031-68302-2 | ||
| 942 |
_cEB _2ddc |
||
| 999 |
_c56840 _d56840 |
||